Grand Canyon [ amphitheater of the Gods
| Format: | Book |
|---|---|
| Published: |
London :
Reader's Digest ,
1988
|
| Subjects: |
MARC
| LEADER | 00000cam a2200000 7i4500 | ||
|---|---|---|---|
| 001 | 0000001992 | ||
| 005 | 20091124.0 | ||
| 020 | |a 000002172 | ||
| 090 | 0 | 0 | |a 551.442 |b GRA |
| 245 | 0 | 0 | |a Grand Canyon [ |h video recording] : |b amphitheater of the Gods |
| 260 | |a London : |b Reader's Digest , |c 1988 | ||
| 300 | |a 1 Video recording (55 minutes) : |b col. | ||
| 500 | |a Library has 1 copy | ||
| 650 | 0 | 0 | |a Wilderness areas |x Wildlife conservation |
| 999 | |a 00077 |b VIDEO |c KOLEKSI AUDIO VIDEO |e PERPUSTAKAAN KOMUNITI PETALING JAYA | ||